Литература (Запись № 106836)

Подробности
000 -МАРКЕР
контрольное поле 01714nam1a2200349 i 4500
001 - ИДЕНТИФИКАТОР ЗАПИСИ
контрольное поле RU\NLR\bibl\23394
005 - ИДЕНТИФИКАТОР ВЕРСИИ
контрольное поле 20260406085555.0
035 ## - ДРУГИЕ СИСТЕМНЫЕ НОМЕРА
Идентификатор записи (NLR Aleph) 000022792
100 ## - ДАННЫЕ ОБЩЕЙ ОБРАБОТКИ
Данные общей обработки 19990420d1998 d y0rusy50 ca
101 0# - ЯЗЫК РЕСУРСА
Язык текста, звукозаписи и т.д. русский
102 ## - СТРАНА ПУБЛИКАЦИИ ИЛИ ПРОИЗВОДСТВА
Страна публикации Российская Федерация
105 ## - ПОЛЕ КОДИРОВАННЫХ ДАННЫХ: ТЕКСТОВЫЕ МАТЕРИАЛЫ, МОНОГРАФИЧЕСКИЕ
Кодированные данные о монографическом текстовом документе y |||||||||
200 1# - ЗАГЛАВИЕ И СВЕДЕНИЯ ОБ ОТВЕТСТВЕННОСТИ
Основное заглавие Литература
Сведения, относящиеся к заглавию Рабочая тетр....[ для 5 кл.
-- Дидакт. и метод. материалы
-- (К Хрестоматии для общеобразоват. учеб. заведений "В мире литературы"
-- В 3 рабочих тетр.]
210 ## - ПУБЛИКАЦИЯ, РАСПРОСТРАНЕНИЕ И ДР.
Место издания, распространения и т.д. М.
Имя издателя, распространителя и т. д. Вентана-Граф
Дата издания, распространения и т.д. 1998
215 ## - ФИЗИЧЕСКАЯ ХАРАКТЕРИСТИКА
Размеры 21
463 #0 - УРОВЕНЬ ФИЗИЧЕСКОЙ ЕДИНИЦЫ
Встроенное поле 00119717
463 #0 - УРОВЕНЬ ФИЗИЧЕСКОЙ ЕДИНИЦЫ
Встроенное поле 00119719
463 #0 - УРОВЕНЬ ФИЗИЧЕСКОЙ ЕДИНИЦЫ
Встроенное поле 00119720
606 0# - НАИМЕНОВАНИЕ ТЕМЫ КАК ПРЕДМЕТ
Наименование темы Литература
Тематический подзаголовок Рабочие тетради
-- Средняя школа
Системный номер авторитетной/нормативной записи 2066714
Идентификатор авторитетной/нормативной записи RU\NLR\auth\661241281
606 0# - НАИМЕНОВАНИЕ ТЕМЫ КАК ПРЕДМЕТ
Наименование темы Русская литература
Формальный подзаголовок Руководства,пособия и т.п. для средней школы
Системный номер авторитетной/нормативной записи 1032583
Идентификатор авторитетной/нормативной записи RU\NLR\auth\6678541
606 0# - НАИМЕНОВАНИЕ ТЕМЫ КАК ПРЕДМЕТ
Наименование темы Русская литература
Формальный подзаголовок Учебные издания для средней школы
Системный номер авторитетной/нормативной записи 1032583
Идентификатор авторитетной/нормативной записи RU\NLR\auth\6678541
686 ## - ИНДЕКСЫ ДРУГИХ КЛАССИФИКАЦИЙ
Индекс Ч426.21,6(2)-215
686 ## - ИНДЕКСЫ ДРУГИХ КЛАССИФИКАЦИЙ
Индекс Ш5(2=Р)я721-1
702 #1 - ИМЯ ЛИЦА - ВТОРИЧНАЯ ОТВЕТСТВЕННОСТЬ
Код отношения Составитель
Графика поля Кириллица
Материалы, к которым относится поле rus
Начальный элемент ввода Богданова
Часть имени, кроме начального элемента ввода О. Ю.
Дополнения к именам, кроме дат д-р пед. наук
Даты 1930-2007
Расширение инициалов личного имени Оксана Юрьевна
Системный номер авторитетной/нормативной записи 5477
Идентификатор авторитетной/нормативной записи RU\NLR\AUTH\7722419
702 #1 - ИМЯ ЛИЦА - ВТОРИЧНАЯ ОТВЕТСТВЕННОСТЬ
Код отношения Составитель
Графика поля Кириллица
Материалы, к которым относится поле rus
Начальный элемент ввода Меркин
Часть имени, кроме начального элемента ввода Г. С.
Даты 1940-
Расширение инициалов личного имени Геннадий Самуйлович
Системный номер авторитетной/нормативной записи 38522
Идентификатор авторитетной/нормативной записи RU\NLR\auth\7755590
801 #0 - ИСТОЧНИК ЗАПИСИ
Страна Российская Федерация
Организация NLR
Дата составления 19990420
Правила каталогизации PSBO
801 #1 - ИСТОЧНИК ЗАПИСИ
Страна Российская Федерация
Организация NLR
Дата составления 19990420
830 ## - ОБЩЕЕ ПРИМЕЧАНИЕ, СОСТАВЛЕННОЕ КАТАЛОГИЗАТОРОМ
Текст примечания Авт. по кн.
852 ## - МЕСТОНАХОЖДЕНИЕ И ШИФР ХРАНЕНИЯ
Идентификатор организации NLR
Шифр хранения (Call Number) 98-6/2305
942 ## - ДОПОЛНИТЕЛЬНЫЕ ЭЛЕМЕНТЫ ЗАПИСИ (АБИС)
Тип экземпляра АБИС Книга

Нет доступных экземпляров.